000 01284pab a2200169 454500
008 180718b2000 xxu||||| |||| 00| 0 eng d
100 _aJohnes, Martin
245 _aAberfan and the management of trauma
260 _c2000
300 _ap.1-17
362 _aMar
520 _aThis paper is a case study of the management of post-disaster trauma in 1960s Britain. It explores the traumatic aftermath of the 1966 Aberfan disaster (where 116 children and 28 adults were killed when a colliery spoil heap collapsed on top of a school in a small Welsh mining community) which had a devastating impact on the village. The professional and voluntary services made available to help the bereaved, survivors and wider community are documented and assessed. The paper demonstrates how limited finance and the popular and professional contemporary understanding of trauma and disasters hindered those services, and how the actions of government and media had a negative impact on the community's recovery. This case study of disaster management in the 1960s illustrates many of the pitfalls that continue to haunt the response to man-made tragedies in the UK. - Reproduced
650 _a Disasters - Great Britain
650 _aDisaster management
773 _aDisasters
909 _a44798
999 _c44798
_d44798